Startled by silence : (Record no. 5357)

MARC details
000 -LEADER
fixed length control field 00706pam a2200241 a 4500
001 - CONTROL NUMBER
control field 4751667
003 - CONTROL NUMBER IDENTIFIER
control field GBCCL
005 - DATE AND TIME OF LATEST TRANSACTION
control field 20241126110539.0
008 - FIXED-LENGTH DATA ELEMENTS--GENERAL INFORMATION
fixed length control field 850923s1986 miu 000 0 eng
010 ## -
-- 85022542
020 ## - INTERNATIONAL STANDARD BOOK NUMBER
International Standard Book Number 0310388406
040 ## - CATALOGING SOURCE
Original cataloging agency DLC
Transcribing agency DLC
Modifying agency DLC
050 00 -
-- BV4832.2
-- .S45 1986
082 00 - DEWEY DECIMAL CLASSIFICATION NUMBER
Classification number 242
Edition information 19
Item number SEN
100 1# - MAIN ENTRY--PERSONAL NAME
Personal name Senter, Ruth Hollinger,
Dates associated with a name 1944-
9 (RLIN) 9646
245 10 - TITLE STATEMENT
Title Startled by silence :
Remainder of title finding God in unexpected places /
Statement of responsibility, etc. Ruth Senter.
260 ## - PUBLICATION, DISTRIBUTION, ETC.
Place of publication, distribution, etc. Grand Rapids, Mich. :
Name of publisher, distributor, etc. Zondervan,
Date of publication, distribution, etc. c1986.
300 ## - PHYSICAL DESCRIPTION
Extent 143 p. ;
Dimensions 23 cm.
500 ## - GENERAL NOTE
General note "Daybreak Books."
650 #0 - SUBJECT ADDED ENTRY--TOPICAL TERM
Topical term or geographic name entry element Meditations.
9 (RLIN) 1412
906 ## - LOCAL DATA ELEMENT F, LDF (RLIN)
a 7
b cbc
c orignew
d 1
e ocip
f 19
g y-gencatlg
942 ## - ADDED ENTRY ELEMENTS (KOHA)
Source of classification or shelving scheme Dewey Decimal Classification
Koha item type Books
Holdings
Withdrawn status Lost status Source of classification or shelving scheme Damaged status Not for loan Home library Current Library Shelving location Date acquired Total checkouts Full call number Barcode Date last seen Copy number Price effective from Koha item type
    Dewey Decimal Classification     GRACE BIBLE COLLEGE GRACE BIBLE COLLEGE Ministry & Mission 2018-03-15   242 SEN 007491 2025-05-01 c.1 2018-03-15 Books
© Grace Bible College Library 2025